LEADER 00846nam0-22002891i-450- 001 990005587720403321 005 20070924111835.0 010 $a3515022643 035 $a000558772 035 $aFED01000558772 035 $a(Aleph)000558772FED01 035 $a000558772 100 $a19990604d1975----km-y0itay50------ba 101 0 $ager 105 $af-------00--- 200 1 $a<>frühchristlichen Mosaiken in S. Maria Maggiore zu Rom$fvon Beat brenk 210 $aWiesbaden$cFranz Steiner$d1975 215 $a188 p., 40 tav.$d31 cm 676 $a729.7 700 1$aBrenk,$bBeat$0158880 801 0$aIT$bUNINA$gRICA$2UNIMARC 901 $aBK 912 $a990005587720403321 952 $a729.7 BRE 1$bST. ARTE 13300$fFLFBC 959 $aFLFBC 996 $aFrühchristlichen Mosaiken in S. Maria Maggiore zu Rom$9607840 997 $aUNINA LEADER 03620nam 2200625 450 001 9910461546803321 005 20200520144314.0 010 $a1-283-19218-7 010 $a9786613192189 010 $a0-567-04166-2 035 $a(CKB)2670000000107058 035 $a(EBL)743069 035 $a(OCoLC)741690909 035 $a(SSID)ssj0000522036 035 $a(PQKBManifestationID)11336237 035 $a(PQKBTitleCode)TC0000522036 035 $a(PQKBWorkID)10522819 035 $a(PQKB)11334341 035 $a(MiAaPQ)EBC743069 035 $a(Au-PeEL)EBL743069 035 $a(CaPaEBR)ebr10869574 035 $a(CaONFJC)MIL319218 035 $a(OCoLC)893335903 035 $a(EXLCZ)992670000000107058 100 $a20000829h20002000 uy| 0 101 0 $aeng 135 $aur|n|---||||| 181 $ctxt 182 $cc 183 $acr 200 00$aDiglossia and other topics in New Testament linguistics /$fedited by Stanley E. Porter 210 1$aSheffield, England :$cSheffield Academic Press,$d[2000] 210 4$dİ2000 215 $a1 online resource (313 p.) 225 1 $aStudies in New Testament Greek ;$v6 225 1 $aJournal for the study of the New Testament. Supplement series ;$v193 300 $aDescription based upon print version of record. 311 $a1-84127-091-1 320 $aIncludes bibliographies and indexes. 327 $aIntroduction: Diglossia and other topics in New Testament linguistics / Stanley E. Porter -- The current landscape of diglossia studies : the diglossic continuum in first-century Palestine / Jonathan M. Watt -- The question of diglossia in ancient Hebrew / Scobie P. Smith -- The functional distribution of Koine Greek in first-century Palestine / Stanley E. Porter -- Language repertoire and diglossia in first-century Palestine : some comments / Christina Bratt Paulston -- Translation technique in the Septuagint Leviticus / Dirk Bu?chner -- Of gutturals and Galileans : the two slurs of Matthew 26.73 / Jonathan M. Watt -- Language of change and the changing of language : a sociolinguistic approach to Pauline discourse / Jeffrey T. Reed -- Semantics and patterns of argumentation in the Book of Romans : definitions, proposals, data and experiments / Stanley E. Porter, Matthew Brook O'Donnell -- Ideology and point of view in Galatians 1-2 : a critical linguistic analysis / Edward Adams -- Designing and compiling a register-balanced corpus of Hellenistic Greek for the purpose of linguistic discription and investigation / Matthew Brook O'Donnell. 330 $aThe first part of this volume includes a summary of this important area of study in both Septuagintal and New Testament Greek, and a review of these issues in the context of linguistic research generally. A second part includes contributions on aspects of research into the Greek of both Testaments, featuring both new areas of research, such as critical discourse analysis, and more traditional issues such as the nature of the Septuagint translation. 410 0$aJournal for the study of the New Testament.$pSupplement series.$pStudies in New Testament Greek ;$v6. 410 0$aJournal for the study of the New Testament.$pSupplement series ;$v193. 606 $aDiglossia (Linguistics) 608 $aElectronic books. 615 0$aDiglossia (Linguistics) 676 $a487.4 702 $aPorter$b Stanley E.$f1956- 801 0$bMiAaPQ 801 1$bMiAaPQ 801 2$bMiAaPQ 906 $aBOOK 912 $a9910461546803321 996 $aDiglossia and other topics in New Testament linguistics$92461062 997 $aUNINA